000 00529nam a22001697a 4500
999 _c61435
_d61435
005 20240313123046.0
008 240313s1972 ru ||||| |||| 00| 0 rus d
041 _arus
080 _a008(55) Ф-83
100 _aФрай, Р.
_921413
245 _aНаследие Ирана /
_cР. Фрай.
264 _aМ.:
_bНаука,
_c1972.
300 _a468 с.
_b21 см.
440 _a Культура народов Востока.
_921414
653 _aირანის მემკვიდრეობა
942 _2udc
_cBK